| 000 | 01256nam a22003857a 4500 | ||
|---|---|---|---|
| 003 | CHAP | ||
| 005 | 20220329134113.0 | ||
| 008 | 971013s1949 r 00010 d | ||
| 010 | _a15410 | ||
| 011 | _a16382 | ||
| 035 | _a20461 | ||
| 040 | _cCHAP | ||
| 090 | _aFolleto 3147 | ||
| 100 | 0 | 0 |
_aHigbee, E. C. _955311 |
| 245 | _aLonchocarpo, Derris y Piretro | ||
| 260 |
_aWashington : _bUnión Panamericana, _c1949 |
||
| 300 |
_a36 p. _b: ilus. |
||
| 490 |
_aPublicación agrícola _v; 159-160 |
||
| 590 |
_aBATCH-UPD _b10 _c20130109 _lUCH01 _h2309 |
||
| 590 |
_aBATCH-UPD _b10 _c20130110 _lUCH01 _h0033 |
||
| 590 |
_aBATCH-UPD _b10 _c20130110 _lUCH01 _h2157 |
||
| 590 |
_aBATCH-UPD _b10 _c20130410 _lUCH01 _h1505 |
||
| 590 |
_aBATCH-UPD _b10 _c20130914 _lUCH01 _h1144 |
||
| 590 |
_aCONVERSION _b10 _c20130109 _lUCH01 _h1310 |
||
| 650 | 1 | 4 |
_aDerris como insecticida. _931953 |
| 650 | 1 | 4 |
_aDerris. _931952 |
| 650 | 1 | 4 |
_aLonchocarpus como insecticida. _967544 |
| 650 | 1 | 4 |
_aPiretro como insecticida. _988507 |
| 650 | 1 | 4 |
_aPiretro. _988506 |
| 830 | 0 |
_aPublicación agrícola _v; 159-160 _992750 |
|
| 901 | _aBK | ||
| 942 | _cFOLL | ||
| 949 |
_aFolleto 3147 _bBC _cFOLL _d-47757 _eTS1 _i20461 _mD _si |
||
| 949 |
_aFolleto 3147 _bBC _cFOLL _d-47758 _eTS2 _fc.2 _i20461 _mD _si |
||
| 999 |
_c15410 _d15410 |
||